Building structures primer /

Bibliographic Details
Main Author: Ambrose, James E.
Format: Book
Language:English
Published: New York : Wiley, [1981]
Edition:2nd ed.
Subjects:

MARC

Tag First Indicator Second Indicator Subfields
LEADER 00000pam a2200000 a 4500
001 in00000077009
005 20151008055022.0
008 810402s1981 nyua b 00110 eng
010 |a  81004336  
020 |a 0471086789 
035 |a (OCoLC)07459805 
035 |9 AAJ2336AM 
039 0 |a 2  |b 3  |c 3  |d 3  |e 3 
040 |a DLC  |c DLC  |d TXA  |d UtOrBLW 
049 |a TXAM  |c [1196070] 
050 0 0 |a TA633  |b .A4 1981 
082 0 |a 624.1  |2 19 
100 1 |a Ambrose, James E. 
245 1 0 |a Building structures primer /  |c James Ambrose. 
250 |a 2nd ed. 
264 1 |a New York :  |b Wiley,  |c [1981] 
264 4 |c ©1981 
300 |a x, 136 pages :  |b illustrations ;  |c 27 cm. 
336 |a text  |b txt  |2 rdacontent 
337 |a unmediated  |b n  |2 rdamedia 
338 |a volume  |b nc  |2 rdacarrier 
500 |a "A Wiley-Interscience publication." 
500 |a Includes index. 
504 |a Bibliography: pages 131-133. 
650 0 |a Structural engineering. 
999 |a MARS 
999 f f |s 25116e6c-94fe-3b29-a399-3b8bdb842a4e  |i 17707c1e-565c-357e-80b5-af3283eb546d  |t 0 
952 f f |p ric  |a Texas A&M University  |b Rellis Campus  |c Joint Library Facility  |d Remote Storage  |t 0  |e TA633 .A4 1981  |h Library of Congress classification  |i unmediated -- volume  |m A14806243132 
998 f f |a TA633 .A4 1981  |t 0  |l Remote Storage